| 000 | 00407nam a2200181Ia 4500 | ||
|---|---|---|---|
| 001 | 8152 | ||
| 005 | 20260306160548.0 | ||
| 008 | 260306t2000||||xx |||||||||||||| ||spa|| | ||
| 041 | _aESP | ||
| 082 |
_a370.114 _bP19 |
||
| 100 |
_aPalet, Mercedes _eAUT |
||
| 245 | 0 | _aLa familia educadora del ser humano | |
| 260 | _c2000 | ||
| 300 |
_a _c |
||
| 650 | _aGEN | ||
| 654 | _aCED | ||
| 942 |
_cLIB _dJUS _fJUS _2ddc _n |
||
| 999 |
_c8152 _d8152 |
||